Optimálna organizácia poľnohospodárskeho podniku výskum výpočtu rovnováhy a cenovej pružnosti výroby

Uložené v:
Podrobná bibliografia
Hlavný autor: Weinschenck, Günther
Médium: Kniha
Jazyk:Slovak
Vydavateľské údaje: Bratislava Slovenské vydavateľstvo pôdohospodárskej literatúry 1968
Tagy: Pridať tag
Žiadne tagy, Buďte prvý, kto otaguje tento záznam!

MARC

LEADER 00000nam a2200000 4500
001 c122803
005 20041019155226.4
041 0 |a slo 
044 |a SK 
245 1 0 |a Optimálna organizácia poľnohospodárskeho podniku  |b výskum výpočtu rovnováhy a cenovej pružnosti výroby  |c Günther Weinschenck 
264 1 |a Bratislava  |b Slovenské vydavateľstvo pôdohospodárskej literatúry  |c 1968 
300 |a 239 s. 
100 1 |a Weinschenck, Günther